A second course in calculus

Guardat en:
Dades bibliogràfiques
Autor principal: Lang, Serge
Format: Llibre
Idioma:anglès
Publicat: Reading Addison-Wesley 1968
Edició:2a. ed
Matèries:
Etiquetes: Afegir etiqueta
Sense etiquetes, Sigues el primer a etiquetar aquest registre!

MARC

LEADER 00000nam a2200000 a 4500
001 UCP1380
003 CL-VaPUC
008 990409e19680000US |||||||||||||||||eng|d
082 0 4 |a 515  |b LAN  |2 21 
100 |a Lang, Serge  |9 719911 
245 1 2 |a A second course in calculus 
250 |a 2a. ed 
300 |a 622 p 
942 |c BK 
945 |d 19990409 00:00:00  |a crobeson 
260 |a Reading  |b Addison-Wesley  |c 1968 
650 0 |a Cálculo  |9 260234 
650 0 |a Vectores  |9 317184 
650 0 |a Integrales   |9 260233 
650 0 |a Matrices   |9 22 
650 0 |a Cálculo integral  |9 260103 
650 0 |a Funciones analíticas  |9 270036 
650 0 |a Números complejos  |9 270335 
650 0 |a Análisis complejo   |9 260214 
583 |a last modification  |c 19990409 00:00:00  |k Rodrigo Vera 
999 |c 280062  |d 280060 
952 |0 0  |1 0  |4 0  |6 515_000000000000000_LAN_1968  |7 0  |8 A  |9 320057  |a BIBMAT  |b BIBMAT  |d 2019-11-20  |i 1340182  |l 1  |o 515 LAN 1968  |p 1340182  |r 2025-01-07  |s 2023-03-09  |w 2019-11-20  |y BK  |k MAT